[Event "BCF-chT4S 1819 (4NCL)"]
[Site "England"]
[Date "2019.04.13"]
[Round "7.35"]
[White "Fowler, Hugo"]
[Black "Roper, Paul"]
[Result "0-1"]
[WhiteElo "1819"]
[BlackElo "1651"]
[PlyCount "68"]
[EventDate "2018.11.17"]
[EventType "team-swiss"]
[EventRounds "11"]
[EventCountry "ENG"]
[SourceTitle "EXT 2021"]
[Source "ChessBase"]
[SourceDate "2020.10.23"]
[SourceVersion "1"]
[SourceVersionDate "2020.10.23"]
[SourceQuality "1"]
[WhiteTeam "West is Best III"]
[BlackTeam "Fischer's Catch"]
[WhiteTeamCountry "ENG"]
[BlackTeamCountry "WLS"]

1. e4 Nf6 2. e5 Nd5 3. d4 d6 4. c4 Nb6 5. f4 dxe5 6. fxe5 c5 7. Nf3 cxd4 8. Qxd4 Bd7 9. Nc3 Nc6 10. Qe4 g6 11. Be2 Bf5 12. Qf4 Nb4 13. 0-0 Nd3 14. Bxd3 Bxd3 15. Rd1 Nxc4 16. Ng5 f6 17. exf6 exf6 18. Re1+ Be7 19. Qxf6 Rf8 20. Qxf8+ Kxf8 21. Ne6+ Kf7 22. Nxd8+ Rxd8 23. Rxe7+ Kxe7 24. Bg5+ Ke8 25. Bxd8 Kxd8 26. b3 Ne5 27. Re1 Nc6 28. Rd1 Ne5 29. Ne4 Kc7 30. Nc5 Bf5 31. Re1 Nc6 32. Kf2 b6 33. Ne4 Nb4 34. Ke3 Nc2+ 0-1

[Event "BCF-chT3N 1617 (4NCL)"]
[Site "England"]
[Date "2016.11.27"]
[Round "2.35"]
[White "Cukovs, Oleg"]
[Black "Roper, Paul"]
[Result "1/2-1/2"]
[WhiteElo "1990"]
[BlackElo "1930"]
[PlyCount "76"]
[EventDate "2016.11.26"]
[EventType "team-swiss"]
[EventRounds "11"]
[EventCountry "ENG"]
[SourceTitle "EXT 2019"]
[Source "ChessBase"]
[SourceDate "2018.10.10"]
[SourceVersion "1"]
[SourceVersionDate "2018.10.10"]
[SourceQuality "1"]
[WhiteTeam "Manchester Manticores II"]
[BlackTeam "Hounds and Bears"]
[WhiteTeamCountry "ENG"]
[BlackTeamCountry "ENG"]

1. e4 c6 2. d4 d5 3. Nc3 dxe4 4. Nxe4 Nf6 5. Nxf6+ gxf6 6. Bc4 Bf5 7. c3 e6 8. Ne2 Nd7 9. Be3 Nb6 10. Bd3 Bg6 11. Nf4 Nd5 12. Nxg6 Nxe3 13. fxe3 hxg6 14. Qf3 f5 15. 0-0-0 Qc7 16. h3 0-0-0 17. e4 Bh6+ 18. Kb1 Qf4 19. Qxf4 Bxf4 20. exf5 exf5 21. Bc4 Rd7 22. Rde1 Kc7 23. Rhf1 Bg3 24. Re3 f4 25. Re4 Kd6 26. Kc2 Re7 27. Rxe7 Kxe7 28. d5 cxd5 29. Bxd5 b6 30. Rd1 Rd8 31. c4 g5 32. Rd2 Rd7 33. Kd3 Kf6 34. Re2 Re7 35. b4 Rxe2 36. Kxe2 Ke7 37. c5 bxc5 38. bxc5 f6 1/2-1/2

[Event "Birmingham 4NCL op-B 3rd"]
[Site "Birmingham"]
[Date "2015.07.18"]
[Round "2"]
[White "Roper, Paul"]
[Black "Varney, Zoe"]
[Result "0-1"]
[WhiteElo "1900"]
[BlackElo "1793"]
[PlyCount "70"]
[EventDate "2015.07.17"]
[EventType "swiss"]
[EventRounds "5"]
[EventCountry "ENG"]
[SourceTitle "CBM 167 Extra"]
[Source "ChessBase"]
[SourceDate "2015.09.14"]
[SourceVersion "1"]
[SourceVersionDate "2015.09.14"]
[SourceQuality "1"]

1. e4 e5 2. Nf3 Nc6 3. d4 exd4 4. Bc4 Bc5 5. c3 Nf6 6. cxd4 Bb4+ 7. Nc3 Nxe4 8. 0-0 Bxc3 9. bxc3 0-0 10. Qc2 d5 11. Bd3 Nf6 12. Bg5 h6 13. Bh4 Be6 14. Rfe1 a6 15. Rab1 b6 16. h3 Nb8 17. Ne5 g5 18. Bg3 c5 19. Rf1 c4 20. Be2 Ne4 21. Bh2 Bf5 22. Qb2 b5 23. f3 Nd6 24. Ra1 f6 25. Ng4 Bxg4 26. hxg4 f5 27. f4 Qe7 28. fxg5 Qe3+ 29. Kh1 Ne4 30. Bf3 fxg4 31. Bxe4 dxe4 32. Rxf8+ Kxf8 33. Rf1+ Kg7 34. Bf4 Qd3 35. Bxb8 Qxf1+ 0-1

[Event "Birmingham 4NCL op-B 3rd"]
[Site "Birmingham"]
[Date "2015.07.18"]
[Round "3"]
[White "Ruffle, Alan P"]
[Black "Roper, Paul"]
[Result "1-0"]
[WhiteElo "1487"]
[BlackElo "1900"]
[PlyCount "77"]
[EventDate "2015.07.17"]
[EventType "swiss"]
[EventRounds "5"]
[EventCountry "ENG"]
[SourceTitle "CBM 167 Extra"]
[Source "ChessBase"]
[SourceDate "2015.09.14"]
[SourceVersion "1"]
[SourceVersionDate "2015.09.14"]
[SourceQuality "1"]

1. e4 c6 2. d4 d5 3. Nc3 dxe4 4. f3 Qb6 5. fxe4 e5 6. dxe5 Bc5 7. Nf3 Bf2+ 8. Ke2 Bc5 9. Bg5 Ne7 10. Qd3 Qxb2 11. Rd1 0-0 12. Na4 Qb5 13. Nxc5 Qxc5 14. Be3 Qa5 15. Bd2 Qc7 16. Bg5 Be6 17. Kf2 Na6 18. Qa3 Ng6 19. Bxa6 bxa6 20. Rd6 h6 21. Be3 Bg4 22. Rhd1 Nxe5 23. Qc5 Nxf3 24. gxf3 Be6 25. Rg1 Kh7 26. Qe5 f6 27. Qxe6 Rae8 28. Qf5+ Kh8 29. Rd7 Qxh2+ 30. Rg2 Qh4+ 31. Ke2 Rg8 32. Qg6 Qh3 33. Rf7 Rd8 34. Rxg7 Qxg2+ 35. Qxg2 Rxg7 36. Qh3 Rh7 37. Qf5 Kg7 38. Qe6 h5 39. Qe7+ 1-0

[Event "Birmingham 4NCL op-B 3rd"]
[Site "Birmingham"]
[Date "2015.07.17"]
[Round "1"]
[White "Hibbitt, Arthur M"]
[Black "Roper, Paul"]
[Result "1/2-1/2"]
[WhiteElo "1778"]
[BlackElo "1900"]
[PlyCount "59"]
[EventDate "2015.07.17"]
[EventType "swiss"]
[EventRounds "5"]
[EventCountry "ENG"]
[SourceTitle "CBM 167 Extra"]
[Source "ChessBase"]
[SourceDate "2015.09.14"]
[SourceVersion "1"]
[SourceVersionDate "2015.09.14"]
[SourceQuality "1"]

1. f4 d5 2. Nf3 Nf6 3. g3 Bf5 4. Bg2 e6 5. 0-0 Bc5+ 6. Kh1 0-0 7. c3 a5 8. Na3 c6 9. Nc2 Nbd7 10. Ne3 Bg6 11. d3 Qb6 12. d4 Be7 13. h3 c5 14. Qb3 Qa7 15. Ng4 cxd4 16. Nxd4 a4 17. Qb5 Nc5 18. Be3 Be4 19. Nxf6+ Bxf6 20. Nxe6 Bxg2+ 21. Kxg2 Rfc8 22. Nxc5 Be7 23. Rad1 Bxc5 24. Bxc5 Rxc5 25. Qd7 Qa6 26. Rd2 a3 27. b4 Rxc3 28. Qxd5 Re3 29. Qd8+ Re8 30. Qd3 1/2-1/2